000 00698nam a2200241Ia 4500
003 OSt
005 20220916110943.0
006 a|||||r|||| 00| 0
007 ta
008 220915b |||||||| |||| 00| 0 eng d
024 _a29261
037 _cTextbook
040 _beng
_aARTS
_cARTS
041 _aeng
082 _aO111,2K:g, K2-;1 (EO)
100 _aBradbrook M C
245 0 _aRise of the common player : a study of factor and society in Shakespeare's England
260 _aLondon
_bChatto and Windus UK
300 _axiv,320p.
_ccm.
650 _aENGLISH LITERATURE
942 _hO111,2K:g, K2-;1 (EO)
_cTB
_2CC
999 _c102164
_d102164